| 000 | 00636nam a2200217 4500 | ||
|---|---|---|---|
| 999 |
_c8407 _d8407 |
||
| 001 | 22087 | ||
| 003 | BD-DhUAP | ||
| 005 | 20240309125319.0 | ||
| 008 | 010326s2001 nyu b 001 0 eng | ||
| 020 | _a0333765362 | ||
| 040 |
_aBD-DhUAP _cBD-DhUAP _dBD-DhUAP _bEng |
||
| 082 | 0 | 0 |
_a306.01 POS _221 |
| 245 | 0 | 0 |
_aPostmodern debates / _cedited by Simon Malpas. |
| 260 |
_aNew York : _bPalgrave, _c2001. |
||
| 300 |
_ax, 181 p. ; _c24 cm. |
||
| 440 | 0 | _aReaders in cultural criticism | |
| 504 | _aIncludes bibliographical references and index. | ||
| 650 | 0 |
_aPostmodernism _xSocial aspects. |
|
| 700 | 1 | _aMalpas, Simon. | |
| 942 |
_2ddc _cBK |
||